Score 0/30 Timer 02:00
4 Plays Today
Movie Word % Correct
The Wild Wild _____West
96.6%
The _____ KnightDark
95.6%
The _____ ManFamily
94.2%
Gross _____Anatomy
92.3%
Dirty _____Dancing
92%
The School of _____Rock
91%
Sin _____City
89.3%
Good _____ HuntingWill
89%
Requiem for a _____Dream
87.3%
In the _____ of the FatherName
86.5%
_____ the Tuscan SunUnder
85.1%
The _____ WriterGhost
82.9%
_____ RomanceTrue
81.3%
Bad _____ Company
80.1%
_____ WarsStar
79.9%
Movie Word % Correct
There's Something About _____ Mary
79.9%
Above the _____Law
78.6%
O _____, Where Art Thou?Brother
76.1%
_____ MaxMad
76%
Date _____Night
74.9%
Green _____Zone
72.8%
_____ of ThunderDays
71.7%
_____ to Witch Mountain Race
63%
_____ of the Century Deal
60.2%
_____ of MenChildren
55.9%
The Thin _____ Line Red
53.5%
You Got _____Served
45%
Body _____Double
42.4%
School _____ Ties
34.8%
_____ LeagueMajor
29.7%

Today's Daily Dose

Remove Ads.
Support Sporcle.
Get the best of Sporcle when you Go Orange. This ad-free experience offers more features, more stats, and more fun while also helping to support Sporcle. Thank you for becoming a member.

You're not logged in!

Compare scores with friends on all Sporcle quizzes.
OR
Log In

Show Comments

Extras

Top Quizzes Today


Score Distribution

Your Account Isn't Verified!

In order to create a playlist on Sporcle, you need to verify the email address you used during registration. Go to your Sporcle Settings to finish the process.

Report this User

Report this user for behavior that violates our Community Guidelines.

Details: